000 00745cam a2200253 a 4500
008
020 _a9780826449696 (pbk.)
049 _aMAIN
090 _aBF637
_bNEL
100 1 _aNelson-Jones, Richard.
245 1 0 _aSix key approaches to counselling and therapy /
_cRichard Nelson-Jones.
260 _aLondon :
_bContinuum,
_c2000.
300 _ax, 317 p. :
_bill. ;
_c22 cm.
504 _aIncludes bibliographical references.
650 0 _aCounseling.
650 0 _aPsychotherapy.
650 2 _aCounseling
_xmethods.
650 2 _aPsychotherapy
_xmethods.
907 _a.b10319530
_b29-05-13
_c05-10-12
003
005 20230123125454.0
040 _cNUST
942 _cBOOKS
_kBF637
_mNEL
999 _c142098
_d142098